000 00981nas a2200289 4500
001 BR2013006550
003 BR-BrBNA
005 20231205122847.0
007 ta
008 230509b bl.|||p| |||| 00| 00por d
040 _aBR-BrBNA
_bpor
_cBiblioteca Nacional de Agricultura
041 _a(En)
072 _aQ03; Q80
100 1 _aFabris, S.
100 1 _aFreire, M.T. de A.
100 1 _aWagner, R.
100 1 _aReyes, F.G.
245 1 _aA method to determine volatile contaminants in polyethylene terephthalate (PET)packages by HDC-GC-FID and its application to post-consumer materials
650 _aEMBALAGEM
650 _aCONTAMINAÇÃO
650 _aEXTRAÇÃO
650 _aCROMATOGRAFIA GASOSA
773 0 _tCiência e Tecnologia de Alimentos (Brazil)
_xISSN 1678-457X
_g(Oct-Dec 2010), v. 30(4) p. 1046-1055
_wBR2013006550
856 4 0 _uhttp://www.scielo.br/pdf/cta/v30n4/v30n4a33.pdf
909 _a202311
_bLúcia
_c55
_dLúcia Elande
942 _2AGRIS
_n0
_cANA
999 _c230956
_d230956